As mil cores do sorriso da Maria (Registo nº 34869)
[ vista simples ]
| 000 -Etiqueta do registo | |
|---|---|
| Valores | 00778nam a2200265 4500 |
| 010 ## - Número ISBN | |
| ISBN | 9789892602691 |
| 021 ## - Número do Depósito Legal | |
| Código do país | Portugal |
| 100 ## - Dados gerais de processamento | |
| Dados gerais | 20220913 frey50 |
| 101 0# - Língua de publicação | |
| Língua | Português |
| 102 ## - País de publicação | |
| País | Portugal |
| 200 1# - Titulo e menção de responsabilidade | |
| Título próprio | As mil cores do sorriso da Maria |
| Primeira menção de responsabilidade | texto e il. Ana Daniela Soares |
| Outras menções de responsabilidade | Ana Luisa Costa, João Carlos Ramos |
| 210 ## - Publicação | |
| Local de publicação | Coimbra |
| Nome do editor | Imprensa da Universidade, |
| Data de publicação | D.L. 2012 |
| 215 ## - Descrição física | |
| Paginação / Volumes | 37, [3] p. |
| Outras indicações físicas | muito il. |
| Dimensões | 22 cm |
| 225 2# - Colecção | |
| Título próprio da colecção | Descobrir as ciências |
| 606 ## - Nome comum usado como assunto | |
| Palavra de ordem | Dentes |
| Subdivisão assunto | Cuidados e higiene |
| 675 ## - CDU | |
| Notação | 087.5-053.5 |
| Edição | BN |
| Língua | por |
| 675 ## - CDU | |
| Notação | 616.314 |
| Edição | BN |
| Língua | por |
| 700 #1 - Autor principal | |
| Apelido | Soares, |
| Nome | Ana Daniela |
| 701 #1 - Autor co-responsavel | |
| Apelido | Costa, |
| Nome | Ana Luísa |
| Função | Autor |
| 701 #1 - Autor co-responsavel | |
| Apelido | Ramos, |
| Nome | João Carlos |
| Função | Autor |
| 801 #0 - Fonte de origem | |
| País | PT |
| Agência | RMBL |
| Regras de catalogação | RPC |
| 090 ## - Tipo de documento | |
| Koha biblioitem number (autogenerated) | 34869 |
| 990 ## - Elementos KOHA | |
| Tipo de documento | Livro |
| 994 ## - Estado da catalogação | |
| Situação | Completo |
| Situação do levantamento | Situação do extravio | Biblioteca de origem | Biblioteca de empréstimo | Código de barras | Cota | Permissão de empréstimo | Tipo de documento | Forma de aquisição |
|---|---|---|---|---|---|---|---|---|
| Completo | Biblioteca da Escola Básica e Secundária Dr Isidoro de Sousa | Biblioteca da Escola Básica e Secundária Dr Isidoro de Sousa | 6916 | 087.5 SOA | Disponível | Livro |